| 000 | 00846nam a2200265 a 4500 | ||
|---|---|---|---|
| 001 | 67501 | ||
| 003 | BD-RjUL | ||
| 005 | 20211209081649.0 | ||
| 008 | 170325s2003 ii ad||| |||| 001 0 eng d | ||
| 035 | _a(BD-RjUL)67632 | ||
| 040 |
_aBD-RjUL _beng _cBD-RjUL |
||
| 041 | _aeng | ||
| 082 |
_223 _a639.8 _bBRE 2003 |
||
| 100 | 1 |
_aThomas, P C _9164083 |
|
| 245 | 1 | 0 |
_aBreeding and seed production of fin fish & shell fish / _cP C Thomas; Suresh Ch Rath; Kanta Das Mohapatra |
| 260 |
_aDelhi : _bDaya Publishing House, _c2003. |
||
| 300 |
_axviii, 402 p. : _bill.; _c23 cm. |
||
| 504 | _aIncludes bibliography & index. | ||
| 650 |
_aAquaculture. _9200010 |
||
| 650 |
_aFish culture. _9200011 |
||
| 650 |
_aShellfish culture. _959633 |
||
| 700 |
_aRath, Suresh Ch _9200012 |
||
| 700 |
_aMohapatra, Kanta Das _9200013 |
||
| 942 |
_2ddc _cBK |
||
| 999 |
_c67501 _d67501 |
||